|
|
|
|
| LEADER |
01364nam a2200337 a 4500 |
| 001 |
43804 |
| 003 |
BD-DhAAL |
| 005 |
20250625144525.0 |
| 008 |
241203t2003 maua b 001 0 eng |
| 010 |
|
|
|a 2002070896
|
| 020 |
|
|
|a 0072472278
|
| 020 |
|
|
|a 9780072472271
|
| 040 |
|
|
|a DLC
|c DLC
|d DLC
|d BD-DhAAL
|
| 050 |
0 |
0 |
|a QA278
|b .B48 2003
|
| 082 |
0 |
0 |
|a 511.43
|2 21
|
| 100 |
1 |
|
|a Bevington, Philip R.,
|d 1933-
|9 57238
|
| 245 |
1 |
0 |
|a Data reduction and error analysis for the physical sciences /
|c Philip R. Bevington and D. Keith Robinson.
|
| 250 |
|
|
|a Third edition.
|
| 260 |
|
|
|a Boston :
|b McGraw-Hill,
|c c2003.
|
| 300 |
|
|
|a xi, 320 pages :
|b illustrations ;
|c 24 cm.
|
| 504 |
|
|
|a Includes bibliographical references (p. 307-308) and index.
|
| 541 |
|
|
|a Donated by Oishik Hasan ID: 20311002
|e 43804
|
| 650 |
|
0 |
|a Multivariate analysis.
|9 2663
|
| 650 |
|
0 |
|a Error analysis (Mathematics)
|9 2928
|
| 650 |
|
0 |
|a Least squares.
|9 57239
|
| 650 |
|
0 |
|a Data reduction.
|9 57240
|
| 700 |
1 |
|
|a Robinson, D. Keith.
|9 57241
|
| 852 |
|
|
|a Ayesha Abed Library
|c General Stacks
|
| 942 |
|
|
|2 ddc
|c BK
|
| 999 |
|
|
|c 47180
|d 47180
|
| 952 |
|
|
|0 0
|1 0
|2 ddc
|4 0
|6 511_430000000000000_BEV
|7 0
|9 77004
|a BRACUL
|b BRACUL
|c GEN
|d 2024-12-03
|e Donated by Oishik Hasan ID: 20311002
|l 0
|o 511.43 BEV
|p 3010043804
|r 2024-12-03
|t 1
|w 2024-12-03
|y BK
|x Donated by Oishik Hasan ID: 20311002. Price not available in register.
|